LEADER 00730naa a2200145 i 4500 001 000000330065 003 CaOOAMICUS 005 20180831173632.0 008 180831n it u000 u ita u 013 $a41797 040 $aSeMil$bita 245 10$aRinnovamento che scaturisce dall'origine. Sull'interpretazione e la ricezione del Concilio Vaticano 2. 650 4$aConcilio Vaticano II <1962-1965> - Recezione.$0(OLS)http://semarc/subject/2461 773 0 $tGiovanni 23. e Paolo 6..$dRoma : Studium, 2013.$kFonti e ricerche della Fondazione Papa Giovanni 23$z978-88-382-4262-5$gp.31-42$w()257794 996 $6245$aRinnovamento che scaturisce dall'origine. Sull'interpretazione e la ricezione del Concilio Vaticano 2.$9(OLS)http://semarc/title/418526 LEADER 01324nam a2200289 i 4500 001 000000236918 003 CaOOAMICUS 005 20141215000000.0 008 141215s2013 it u000 u ita u 013 $a215823 020 $a978-88-06-20322-1 040 $aSeMil$bita 100 1 $aPhlegon, Publius Aelius.$0(OLS)http://semarc/name/80840 240 10$aJulius exclusus e coelis.$0(OLS)http://semarc/title/329420 245 13$aIl libro delle meraviglie e tutti i frammenti /$cFlegonte di Tralle ; a cura di Tommaso Braccini e Massimo Scorsone. 260 $aTorino :$bGiulio Einaudi,$c2013. 300 $aLXXXVIII, 111 p. ;$c19 cm. 490 0 $aNuova universale Einaudi. Nuova serie ;$v11 700 1 $aScorsone, Massimo.$0(OLS)http://semarc/name/80841 700 1 $aBraccini, Tommaso,$d<1977- >.$0(OLS)http://semarc/name/8512 830 0$aNuova universale Einaudi. Nuova serie ;$v11.$0(OLS)http://semarc/title/27178 850 $aSeMil 852 $aSeMil$W1$xVenegono$y1$m1X I 203$j187264$B187264$CSeMilBibl$Z2$F198177 $81 961 $aAcquisto: Einaudi (Agente) 996 $6020$a978-88-06-20322-1$9(OLS)http://semarc/number/242195 996 $6245$aIl libro delle meraviglie e tutti i frammenti$9(OLS)http://semarc/title/337621 996 $6260$aTorino :$bGiulio Einaudi$9(OLS)http://semarc/publisher/29810